000 00787nam a2200241 a 4500
001 13059
003 BD-JhCC
005 20230617115251.0
008 230615b2023 b ||||| ||a| 00| 0 b d
020 _a9789849743903
035 _a(BD-JhCC)13059
040 _aBD-JhCC
_dBD-JhCC
041 _aBengali
082 _bSID 2023
_a791.4301
100 _a সিদ্দিকী, ফেরদৌস আলম
245 _aডিজিটাল সিনেমাটোগ্রাফি /
_cফেরদৌস আলম সিদ্দিকী
260 _aঢাকা:
_bভাষাচিত্র
_c2023
300 _a238p. :
_c21 cm.
650 _aDigital cinematography
650 _aMotion pictures--Technological innovations
650 _aDigital media
942 _2ddc
_cBK
999 _c13059
_d13059